|
|
|
|
| LEADER |
00000cam a2200000 a 4500 |
| 001 |
89510 |
| 005 |
20230308170721.0 |
| 008 |
000000|1985 ||||||||r|||||||||||spa|| |
| 040 |
|
|
|b spa
|
| 041 |
1 |
|
|a spa
|
| 082 |
0 |
|
|a 330.9
|
| 100 |
1 |
|
|a Le Riverend, Julio
|9 58046
|
| 245 |
1 |
1 |
|a Historia económica de Cuba
|c Julio Le Riverend
|h imp
|
| 264 |
|
|
|a La Habana
|b Ciencias Sociales
|c 1985
|
| 300 |
|
|
|a 662 páginas:
|c 22.5 cm
|
| 650 |
1 |
0 |
|a Historia económica
|9 12326
|
| 650 |
1 |
|
|a Cuba
|9 5133
|
| 852 |
|
|
|a UC-CDJBV
|c ESTANTERIA CERRADA
|f Compra
|k sara.alvarado
|l 1
|m General
|p 00000000
|r 2
|t 89510
|b 0
|d CDRC
|e CDRC
|g 330.9 ESTANTERIA CERRADA
|z 0000-00-00
|
| 942 |
|
|
|c BK
|
| 999 |
|
|
|c 33492
|d 33492
|